000 00508 a2200193 4500
001 002283
003 OSt
005 20220112155046.0
008
020 _a9788181288035
082 _a512.7
_bE25I
100 1 _aWard, Thomas
245 1 _aAn introduction to number theory
_cby Thomas Ward and Graham Everest
260 _aNew York
_bSpringer
_c2008
300 _a294p.
653 _aNumber theory; Algebra; Mathematics
700 _aEverest, Graham
942 _2ddc
_cBK
999 _c63
_d63